Mario Kart Tracks by First & Latest Appearance - Statistics

General Stats
  • This quiz has been taken 9 times
  • The average score is 21 of 48
Answer Stats
First Appearance Latest Appearance Cup (Debut) Cup (Latest) Answer % Correct
Super 8 (Deluxe) Special Triforce Rainbow Road
88%
Double Dash!! World Mushroom Banana Peach Beach
75%
DS World Star Flower Airship Fortress
63%
DS DS Special Special Bowser Castle
63%
DS Wii Flower Banana Delfino Square
63%
7 World Mushroom Flower Shy Guy Bazaar
63%
DS Wii Mushroom Shell Yoshi Falls
63%
Super 8 Deluxe Star Spiny Bowser Castle 3
50%
64 World Flower Lightning Choco Mountain
50%
7 8 (Deluxe) Special Banana DK Jungle
50%
64 Wii Special Leaf DK's Jungle Parkway
50%
Wii Wii Special Special Dry Dry Ruins
50%
Wii 8 Deluxe Special Feather Moonview Highway
50%
Wii 8 Deluxe Mushroom Propeller Mushroom Gorge
50%
7 8 (Deluxe) Flower Leaf Music Park
50%
7 8 (Deluxe) Star Bell Neo Bowser City
50%
DS 8 Deluxe Special Moon Peach Gardens
50%
7 8 Deluxe Special Spiny Rosalina's Ice World
50%
64 8 (Deluxe) Star Banana Royal Raceway
50%
64 Wii Star Banana Sherbet Land
50%
Super Circuit Wii Mushroom Shell Shy Guy Beach
50%
7 8 Deluxe Mushroom Golden Dash Toad Circuit
50%
64 8 (Deluxe) Flower Shell Toad's Turnpike
50%
Double Dash!! 8 Deluxe Flower Boomerang Waluigi Stadium
50%
Double Dash!! 8 (Deluxe) Star Egg Yoshi Circuit
50%
Double Dash!! 8 (Deluxe) Mushroom Crossing Baby Park
38%
Super Circuit 7 Mushroom Shell Bowser Castle 1
38%
Super Circuit 8 (Deluxe) Flower Crossing Cheese Land
38%
Double Dash!! World Special Banana Dino Dino Jungle
38%
Super Wii Flower Shell Ghost Valley 2
38%
Super World Special Shell Koopa Beach 2
38%
64 7 Mushroom Shell Luigi Raceway
38%
DS 7 Mushroom Shell Luigi's Mansion
38%
Super DS Mushroom Shell Mario Circuit 1
38%
Super 7 (Individually)World Mushroom Banana (Individually)Special Mario Circuit 2
38%
Double Dash!! DS Flower Leaf Mushroom Bridge
38%
Double Dash!! Double Dash!! Star Star Mushroom City
38%
Super Circuit 8 (Deluxe) Star Bell Ribbon Road
38%
DS 8 (Deluxe) Special Leaf Wario Stadium
38%
Super Circuit 8 Deluxe Flower Rock Boo Lake
25%
Super DS Star Lightning Choco Island 2
25%
Wii 8 Deluxe Star Rock Maple Treeway
25%
DS 8 Deluxe Flower Lucky Cat Shroom Ridge
25%
Wii 8 (Deluxe) Flower Triforce Wario's Gold Mine
25%
64 DS Special Lightning Banshee Boardwalk
13%
7 8 Deluxe Flower Rock Rock Rock Mountain
13%
7 World Star Star Wario Shipyard
13%
Super Circuit Super Circuit Star Star Yoshi Desert
13%
No matching quizzes found
Score Distribution
Percent of People with Each Score
Percentile by Number Answered
Your Score History
You have not taken this quiz